The sick building syndrome :symptoms, risk factors and practical design guidance (Record no. 93718)

MARC details
000 -LEADER
fixed length control field 00623cam a2200217 4500
008 - FIXED-LENGTH DATA ELEMENTS--GENERAL INFORMATION
fixed length control field 090401t1988 xxu||||| |||| 00| 0 eng d
020 ## - INTERNATIONAL STANDARD BOOK NUMBER
International Standard Book Number 0860222128
035 ## - SYSTEM CONTROL NUMBER
System control number (Sirsi) u56094
041 ## - LANGUAGE CODE
Language code of text/sound track or separate title eng
050 ## - LIBRARY OF CONGRESS CALL NUMBER
Classification number 697.93
100 ## - MAIN ENTRY--PERSONAL NAME
Personal name Potter, I.N.
245 #4 - TITLE STATEMENT
Title The sick building syndrome :symptoms, risk factors and practical design guidance
260 ## - PUBLICATION, DISTRIBUTION, ETC.
Place of publication, distribution, etc. Bracknell,Berks
Name of publisher, distributor, etc. Building Services Research and Informati
Date of publication, distribution, etc. 1988
300 ## - PHYSICAL DESCRIPTION
Extent 61p. ; 30cm.
350 ## - PRICE (NR) (BK AM CF MU VM SE) [OBSOLETE]
Price 40
490 ## - SERIES STATEMENT
Series statement BS
Volume/sequential designation 4/88 RIA Technical Note
650 ## - SUBJECT ADDED ENTRY--TOPICAL TERM
Topical term or geographic name entry element BIBLIOGRAPHIES
650 ## - SUBJECT ADDED ENTRY--TOPICAL TERM
Topical term or geographic name entry element SICK BUILDINGS SYNDROME
942 ## - ADDED ENTRY ELEMENTS (KOHA)
Suppress in OPAC 0
948 ## - LOCAL PROCESSING INFORMATION (OCLC); SERIES PART DESIGNATOR (RLIN)
c (OCLC) 04/03/1997
Holdings
Withdrawn status Lost status Source of classification or shelving scheme Damaged status Not for loan Home library Current library Shelving location Date acquired Cost, normal purchase price Total Checkouts Full call number Barcode Date last seen Date last checked out Copy number Cost, replacement price Price effective from Koha item type
    Dewey Decimal Classification     London London Basement 14/09/1999 40.00 1 BASEMENT 30021764 06/08/2019 11/08/2000 1 40.00 06/08/2019 Book